000 00485nam a2200193Ia 4500
003 GCL
008 140319s9999 xx 000 0 eng d
040 _aGCL /
_cGCL
082 0 4 _a646
_bE M
100 1 _aEVERETT, FELICITY
245 1 0 _aMAKE UP & JEWELLERY /
_cEVERETT, FELICITY
700 1 _aGARBERA, CAROL
260 _a[S.N] :
_bUSBORNE ،
_c1987
300 _a64\P
490 _aAN USBORNE GUIDE
_v0
650 0 4 _aMAKE UP
650 0 4 _aHAND MADE JEWELLERY
942 _2ddc
_cBK
999 _c22379
_d22379